000 01917nam0a2200361 4500
001 RU\NLR\bibl\53368
005 20260406015006.0
010 _a5-279-02169-5
_95000
021 _aRU
_b99-25753
_91256
035 _a(NLR Aleph) 000052071
090 _a279487
_c279487
100 _a19991018d1999 |||y0rusy50 ca
101 0 _arus
102 _aRU
105 _aa |||||||||
200 1 _aПрактикум по разработке бизнес-плана и финансовому анализу предприятия
_eУчеб. пособие для вузов
_fЛ.Ф. Сухова, Н.А. Чернова
210 _aМ.
_cФинансы и статистика
_d1999
215 _a159 с.
_cил.
_d21
320 _aБиблиогр.: с. 156-157
606 0 _aБизнес-планы
_jРуководства, пособия и т.п. для высшей школы
_91161262
_3RU\NLR\auth\66147003
606 0 _aБизнес-планы
_jУчебные издания для высшей школы
_91161262
_3RU\NLR\auth\66147003
606 0 _aПредприятия
_jРуководства, пособия и т.п. для высшей школы
_xФинансовый анализ
_92079087
_3RU\NLR\auth\661254959
606 0 _aПредприятия
_jУчебные издания для высшей школы
_xФинансовый анализ
_92079087
_3RU\NLR\auth\661254959
686 _aУ23(2)24я73
686 _aУ052.9(2)226я73
700 1 _4070
_8rus
_7ca
_aСухова
_bЛ. Ф.
_gЛилия Федоровна
_3RU\NLR\auth\77120470
_9103395
701 1 _4070
_8rus
_7ca
_aЧернова
_bН. А.
_cканд. экон. наук
_gНина Александровна
_3RU\NLR\auth\7745598
_928534
801 0 _aRU
_bNLR
_c19991018
_gPSBO
801 1 _aRU
_bNLR
_c19991018
852 _aNLR
_j99-3/12341
942 _cBOOK
980 _aNB